书目信息 |
| 题名: |
设施蔬菜栽培技术
|
|
| 作者: | 马利允 , 王开云 主编 | |
| 分册: | ||
| 出版信息: | 北京 中国农业科学技术出版社 2014 |
|
| 页数: | 187页 | |
| 开本: | 21cm | |
| 丛书名: | ||
| 单 册: | ||
| 中图分类: | S626 | |
| 科图分类: | ||
| 主题词: | 蔬菜园艺--设施农业--职业培训--教材 , 蔬菜园艺 , 设施农业 | |
| 电子资源: | ||
| ISBN: | 978-7-5116-1655-5 | |
| 000 | 00900nam0 2200277 450 | |
| 001 | 012015000031 | |
| 005 | 20150914161942.62 | |
| 010 | @a978-7-5116-1655-5@dCNY20.00 | |
| 100 | @a20140916d2014 em y0chiy50 ea | |
| 101 | 0 | @achi |
| 102 | @aCN@b110000 | |
| 105 | @aa z 000yy | |
| 106 | @ar | |
| 200 | 1 | @a设施蔬菜栽培技术@Ashe shi shu cai zai pei ji shu@f马利允,王开云主编 |
| 210 | @a北京@c中国农业科学技术出版社@d2014 | |
| 215 | @a187页@c图@d21cm | |
| 300 | @a新型职业农民培训系列教材 | |
| 330 | @a本书共分六章,内容包括:主要设施类型及应用、设施环境调控技术、设施蔬菜栽培茬口安排及立体栽培模式、瓜类蔬菜设施栽培等。 | |
| 606 | 0 | @a蔬菜园艺@x设施农业@x职业培训@j教材 |
| 606 | 0 | @a蔬菜园艺 |
| 606 | 0 | @a设施农业 |
| 690 | @aS626@v5 | |
| 701 | 0 | @a马利允@Ama li yun@4主编 |
| 701 | 0 | @a王开云@Awang kai yun@4主编 |
| 801 | 0 | @aCN@b碧洲教育@c20150716 |
| 905 | @a10447@f4@dS626@e318 | |
| 设施蔬菜栽培技术/马利允,王开云主编.-北京:中国农业科学技术出版社,2014 |
| 187页:图;21cm |
| 新型职业农民培训系列教材 |
| ISBN 978-7-5116-1655-5:CNY20.00 |
| 本书共分六章,内容包括:主要设施类型及应用、设施环境调控技术、设施蔬菜栽培茬口安排及立体栽培模式、瓜类蔬菜设施栽培等。 |
| ● |
| 相关链接 |
|
|
|
|
正题名:设施蔬菜栽培技术
索取号:S626/318
 
预约/预借
| 序号 | 登录号 | 条形码 | 馆藏地/架位号 | 状态 | 备注 |
| 1 | 0870876 | 208708763 | 第二样本阅览室/ [索取号:S626/318] | 在馆 | |
| 2 | 0870877 | 208708772 | 生命科学系资料室/ [索取号:S626/318] | 在馆 | |
| 3 | 0870878 | 208708781 | 第三借阅区/ [索取号:S626/318] | 在馆 | |
| 4 | 0870879 | 208708790 | 第三借阅区/ [索取号:S626/318] | 在馆 |